000 004610000a22001690004500
003 MACL
005 20260415130806.0
008 151217b xxu||||| |||| 00| 0 eng d
040 _aMACL
_cMACL
041 _aEnglish
082 _a030/CAV
100 _aMarshall Cavendish Corporation
_920707
245 _aWorld War 2 and the Cold War
_bVolume 8
260 _bMarshall Cavendish Corporation
_c2000
650 _aEncyclopaedia
_920708
942 _cBK
_k030/CAV
_2ddc
999 _c39901
_d39901